000 02587cam a2200277 4500500
005 20251228065137.0
041 _afre
042 _adc
100 1 0 _aRabinovitch, Gérard
_eauthor
245 0 0 _a« Inquiète ton voisin comme toi-même »
260 _c2003.
500 _a55
520 _aRésuméLe nazisme demeure, malgré la profusion maintenant des travaux des historiens, un non-pensé de l'Occident. L?auteur commente, ici, la thèse du sociologue Zygmunt Baumann qui inscrit l'extermination des Juifs dans la logique instrumentale de la modernité, via les schèmes de l'action bureaucratique et l'établissement criminel d?un principe « d?ingénierie sociale ». S?il salue la percée bienvenue de cette construction, il en pointe aussi une insuffisance. Il y a dans le nazisme un précipité de destructivités fondamentales, de jouissances thanatophiles, dont la thèse de Baumann ne parvient pas à rendre compte.
520 _aNazism continues to be, despite the current profusion of historians works, an un-idea of the Western world. The author here comments on sociologist Zygmunt Baumann?s thesis who ascribes the extermination of the Jews to the instrumental logic of modernity, through the schemes of bureaucratic action and through a principle of « social engineering ». Whereas he greets the welcome breakthrough of such a construction, he also points out an insufficiency. Nazism contains a precipitate of fundamental destructiveness, of thanatophilic pleasures, that Baumann?s thesis fails to incorporate.
520 _aResumenEl nazismo sigue siendo, a pesar de la abundancia actual de trabajos de historiadores, un no-pensamiento de Occidente. El autor comenta la tesis del sociólogo Zygmunt Baumann, que inscribe la exterminación de los Judíos en la lógica instrumental de la modernidad, a través de los esquemas de la acción burocrática y del establecimiento criminal de un principio de « ingeniería social ». El autor acoge favorablemente dicha construcción, no obstante señala una insuficiencia. El nazismo posee una precipitación de destructividades fundamentales, de propiedades de tanatofilia, que la tesis de Baumann no logra incorporar.
690 _agangsters
690 _amodernité
690 _anazisme
690 _aZygmunt Baumann
690 _agangsters
690 _amodernity
690 _aNazism
690 _aZygmunt Baumann
786 0 _nTravailler | 10 | 2 | 2003-09-01 | p. 163-184 | 1620-5340
856 4 1 _uhttps://shs.cairn.info/revue-travailler-2003-2-page-163?lang=fr&redirect-ssocas=7080
999 _c1590843
_d1590843